Les Enfoirés 2021 : Toutes les chansons - Statistiques

Statistiques générales
  • Ce quiz a été pris 40 fois
  • Le résultat moyen est 16 sur 21
Statistiques - réponses
Hint Réponse % Correct
2) Et maintenant
92%
20) Maintenant
92%
1) S'il suffisait d'aimer
92%
19) Après toi
83%
15) J'y vais
83%
21) La chanson des Restos
83%
4) Lettre à France
83%
11) She's a lady
83%
3) A nos souvenirs
75%
16) Des hommes pareils
75%
14) Dis-lui
75%
5) Est-ce que tu m'aimes
75%
7) I say a little prayer
75%
8) J'envoie valser
75%
12) Les paradis perdus
75%
9) Si demain (turn around)
75%
13) Uptown Funk
75%
18) Femme like u
67%
10) Les filles d'aujourd'hui
67%
6) Paris-Seychelles
67%
17) Maladie d'amour (intro)
50%
Aucun quiz correspondant
Distribution des résultats
% des personnes avec chaque résultat
Percentile par nombre de réponses
Votre historique - résultats
Vous n’avez pas pris ce quiz